000 02138cam a22004334a 4500
999 _c522505
_d522505
001 13779007
003 NUST
005 20181030105447.0
008 041110s2005 caua bf 001 0 eng
010 _a 2004026722
020 _a078797160X (alk. paper)
038 _aArshad
040 _aDLC
_cDLC
_dDLC
042 _apcc
050 0 0 _aHM751
_b.I24 2005
082 0 0 _a302.35
_bIAF
245 0 4 _aThe IAF handbook of group facilitation :
_bbest practices from the leading organization in facilitation /
_cSandy Schuman, editor.
246 3 _aInternational Association of Facilitators handbook of group facilitation
246 3 0 _aHandbook of group facilitation
246 3 0 _aBest practices from the leading organization in facilitation
260 _aSan Francisco :
_bJossey-Bass,
_c2005.
300 _axxxiv, 664 p. :
_bill. ;
_c24 cm. +
_e1 CD-ROM (4 3/4 in.)
440 4 _aThe Jossey-Bass business & management series
_94076
504 _aIncludes bibliographical references and indexes.
538 _aSystem requirements: IBM-compatible PC with Microsoft Windows 98SE or later, or Macintosh with Apple OS version 8.6 or later; CD-ROM drive.
650 0 _aGroup facilitation
_vHandbooks, manuals, etc.
_912385
650 0 _aGroup decision-making
_vHandbooks, manuals, etc.
_912386
650 0 _aConsensus (Social sciences)
_vHandbooks, manuals, etc.
_912387
650 0 _aConflict management
_vHandbooks, manuals, etc.
_912388
650 0 _aManagement
_xEmployee participation
_vHandbooks, manuals, etc.
_912389
700 1 _aSchuman, Sandy,
_d1951-
_912390
710 2 _aInternational Association of Facilitators.
_912391
856 4 1 _3Table of contents only
_uhttp://www.loc.gov/catdir/toc/ecip053/2004026722.html
856 4 2 _3Contributor biographical information
_uhttp://www.loc.gov/catdir/enhancements/fy0617/2004026722-b.html
856 4 2 _3Publisher description
_uhttp://www.loc.gov/catdir/enhancements/fy0617/2004026722-d.html
906 _a7
_bcbc
_corignew
_d1
_eecip
_f20
_gy-gencatlg
942 _2ddc
_cBK